Statistics for Flume Songs (excluding remixes)

Click here to take the quiz!

General Stats

  • This quiz has been taken 17 times
    (2 since last reset)
  • The average score is 26 of 71

Answer Stats

Album / EPYear CreatedArtist(s)Song% Correct
Sleepless2011Flume ft. Antony for CleopatraSleepless
100%
Lockjaw EP2013Flume & Chet FakerDrop The Game
100%
Non-Album Single2019Flume ft. London GrammarLet You Know
100%
Hi This Is Flume2019Flume╜φ°⌂▌╫§╜φ°⌂▌╫§╜φ°⌂▌╫§╜φ°⌂▌╫§╜φ°⌂▌
100%
Skin2016Flume ft. Vince Staples & KučkaSmoke & Retribution
100%
Skin2016Flume ft. Tove LoSay It
100%
Skin2016Flume ft. KaiNever Be Like You
100%
Lockjaw EP2013Flume & Chet FakerThis Song Is Not About A Girl
100%
Non-Album Single2020Flume ft. Toro y MoiThe Difference
100%
Flume / Flume (Deluxe Edition)2012Flume ft. Moon Holiday & Killer MikeInsane
100%
Flume / Flume (Deluxe Edition)2012Flume ft. Twin Shadow & Jezzabell DoranSleepless
100%
Flume2012Flume ft. T-ShirtOn Top
100%
Skin Companion EP I2016FlumeQuirk
50%
Skin2016FlumeWhen Everything Was New
50%
Skin2016FlumeFree
50%
Skin2016Flume ft. BeckTiny Cities
50%
Skin Companion EP I2016Flumev
50%
Skin Companion EP I2016FlumeHeater
50%
Skin Companion EP II2017Flume ft. Dave Bayley of Glass AnimalsFantastic
50%
Flume / Flume (Deluxe Edition)2012Flume ft. Freddie GibbsHoldin' On
50%
Hi This Is Flume2019FlumeHi This Is Flume'
50%
Hi This Is Flume2019FlumeEcdysis
50%
Hi This Is Flume2019Flume ft. JPEGMAFIAHow to Build a Relationship
50%
Hi This Is Flume2019FlumeVitality
50%
Hi This Is Flume2019FlumeAmber
50%
Quits EP2019Flume ft. Reo CragunQuits
50%
Quits EP2019Flume ft. Reo CragunFriends
50%
Non-Album Single2019Flume ft. Vera BlueRushing Back
50%
Skin2016Flume3
50%
Skin2016Flume ft. Little DragonTake A Chance
50%
Skin2016FlumePika
50%
Skin2016FlumeHelix
50%
Skin2016FlumeWall F**k
50%
Non-Album Single2013Flume ft. Andrew WyattSome Minds
50%
Flume / Flume (Deluxe Edition)2012Flume ft. Grande Marshall & Goldie GloWarm Thoughts
50%
Lockjaw EP2013Flume & Chet FakerWhat About Us
50%
Flume2012FlumeEzra
50%
Flume2012Flume ft. Chet FakerLeft Alone
50%
Skin2016Flume ft. KučkaNumb & Getting Colder
50%
Hi This Is Flume2019Flume71m3
0%
Hi This Is Flume2019FlumeWormhole
0%
Hi This Is Flume2019Flume ft. SOPHIE & KuckaVoices
0%
Hi This Is Flume2019FlumeMUD
0%
Hi This Is Flume2019FlumeUpgrade
0%
Quits EP2019Flume ft. Reo CragunLevitate
0%
Flume / Flume (Deluxe Edition)2012Flume ft. Ghostface Killah & Autre Ne VeutSpace Cadet
0%
Hi This Is Flume2019FlumeDaze 22.00
0%
Flume2012Flume ft. George MapleBring You Down
0%
Hi This Is Flume2019SOPHIEIs It Cold in the Water? (Flume & Eprom Remix)
0%
Hi This Is Flume2019Flume & EpromSpring
0%
Flume2012FlumeMore Than You Thought
0%
Sleepless2011FlumePaper Thin
0%
Flume2012FlumeWhat You Need
0%
Hi This Is Flume2019Flume & HWLS ft. slowthaiHigh Beams
0%
Hi This Is Flume2019FlumeDreamtime
0%
Flume / Flume (Deluxe Edition)2012Flume ft. Alexander Spit, Boldy James & Aaron CohenStay Close
0%
Skin2016Flume ft. Allan Kingdom & RaekwonYou Know
0%
Sleepless2011FlumeOver You
0%
Skin2016Flume ft. AlunaGeorgeInnocence
0%
Skin2016Flume ft. MNDRLike Water
0%
Skin2016Flume ft. Vic MenzaLose It
0%
Flume / Flume (Deluxe Edition)2012Flume ft. How To Dress WellChange
0%
Flume (Deluxe Edition)2013Flume ft. Isabella ManfredThe Greatest View
0%
Flume2012FlumeSintra
0%
Skin Companion EP II2017Flume ft. Pusha TEnough
0%
Skin Companion EP II2017Flume ft. Moses SumneyWeekend
0%
Skin Companion EP II2017FlumeDepth Charge
0%
Flume (Deluxe Edition)2013Flume ft. StalleyIntro
0%
Flume2012FlumeStar Eyes
0%
Hi This Is Flume2019FlumeJewel
0%
Skin Companion EP I2016Flume ft. Isabella ManfrediTRUST
0%

Score Distribution

Percentile by Number Answered

Percent of People with Each Score

Your Score History

You have not taken this quiz since the last reset